Brethren in faith : (Record no. 356097)
[ view plain ]
| 000 -LEADER | |
|---|---|
| fixed length control field | 01274cam a2200349 i 4500 |
| 001 - CONTROL NUMBER | |
| control field | 18680155 |
| 003 - CONTROL NUMBER IDENTIFIER | |
| control field | USPCAS-E |
| 005 - DATE AND TIME OF LATEST TRANSACTION | |
| control field | 20180118181423.0 |
| 008 - FIXED-LENGTH DATA ELEMENTS--GENERAL INFORMATION | |
| fixed length control field | 150630s2015 pk b 001 0 eng |
| 010 ## - LIBRARY OF CONGRESS CONTROL NUMBER | |
| LC control number | 2015330046 |
| 020 ## - INTERNATIONAL STANDARD BOOK NUMBER | |
| International Standard Book Number | 9789695623701 |
| 040 ## - CATALOGING SOURCE | |
| Original cataloging agency | DLC |
| Language of cataloging | eng |
| Transcribing agency | DLC |
| Description conventions | rda |
| 042 ## - AUTHENTICATION CODE | |
| Authentication code | lcode |
| -- | pcc |
| 043 ## - GEOGRAPHIC AREA CODE | |
| Geographic area code | a-ii--- |
| -- | a-is--- |
| 050 00 - LIBRARY OF CONGRESS CALL NUMBER | |
| Classification number | DS480.45 |
| Item number | .M334 2015 |
| 082 ## - DEWEY DECIMAL CLASSIFICATION NUMBER | |
| Edition number | 23 |
| Classification number | 320.954035 |
| Author Mark | NAD-B 2015 |
| 100 1# - MAIN ENTRY--PERSONAL NAME | |
| Personal name | Malik, Nadeem Shafiq. |
| 245 10 - TITLE STATEMENT | |
| Title | Brethren in faith : |
| Remainder of title | the All India Muslim League and Palistine issue, (1917-1947) / |
| Statement of responsibility, etc. | Nadeem Shafiq Malik. |
| 246 1# - VARYING FORM OF TITLE | |
| Display text | Correct title should read: |
| Title proper/short title | Brethren in faith : |
| Remainder of title | the All India Muslim League and Palestine issue, (1917-1947) |
| 260 ## - PUBLICATION, DISTRIBUTION, ETC. | |
| Place of publication, distribution, etc. | Lahore: |
| Name of publisher, distributor, etc. | Fiction House; |
| Date of publication, distribution, etc. | c2015 |
| 300 ## - PHYSICAL DESCRIPTION | |
| Extent | 608 pages ; |
| Dimensions | 24 cm |
| 502 ## - DISSERTATION NOTE | |
| Dissertation note | . |
| 504 ## - BIBLIOGRAPHY, ETC. NOTE | |
| Bibliography, etc. note | Includes bibliographical references (pages 560-[571]) and index. |
| 610 20 - SUBJECT ADDED ENTRY--CORPORATE NAME | |
| Corporate name or jurisdiction name as entry element | All India Muslim League |
| General subdivision | History. |
| 650 #0 - SUBJECT ADDED ENTRY--TOPICAL TERM | |
| Topical term or geographic name entry element | Muslims |
| General subdivision | Political activity |
| Geographic subdivision | India |
| General subdivision | History |
| Chronological subdivision | 20th century. |
| 650 #0 - SUBJECT ADDED ENTRY--TOPICAL TERM | |
| Topical term or geographic name entry element | Arab-Israeli conflict. |
| 651 #0 - SUBJECT ADDED ENTRY--GEOGRAPHIC NAME | |
| Geographic name | India |
| General subdivision | Politics and government |
| Chronological subdivision | 1919-1947. |
| 651 #0 - SUBJECT ADDED ENTRY--GEOGRAPHIC NAME | |
| Geographic name | Palestine |
| General subdivision | History |
| Chronological subdivision | 1917-1948. |
| 906 ## - LOCAL DATA ELEMENT F, LDF (RLIN) | |
| a | 7 |
| b | cbc |
| c | origode |
| d | 3 |
| e | ncip |
| f | 20 |
| g | y-gencatlg |
| 942 ## - ADDED ENTRY ELEMENTS (KOHA) | |
| Source of classification or shelving scheme | |
| Koha item type | Book |
| Withdrawn status | Lost status | Source of classification or shelving scheme | Damaged status | Not for loan | Collection code | Permanent Location | Current Location | Shelving location | Date acquired | Source of acquisition | Cost, normal purchase price | Total Checkouts | Full call number | Barcode | Date last seen | Price effective from | Koha item type | Copy number |
|---|---|---|---|---|---|---|---|---|---|---|---|---|---|---|---|---|---|---|
| US-Pakistan Center for Advanced Studies in Energy (USPCAS-E) | US-Pakistan Center for Advanced Studies in Energy (USPCAS-E) | General Stacks | 05/20/2016 | NUST, Main office | 1695.00 | 320.954035 NAD-B 2015 | CAS-E0001542 | 05/20/2016 | 05/20/2016 | Book | ||||||||
| US-Pakistan Center for Advanced Studies in Energy (USPCAS-E) | US-Pakistan Center for Advanced Studies in Energy (USPCAS-E) | General Stacks | 05/20/2016 | NUST, Main office | 1695.00 | 320.954035 NAD-B 2015 | CAS-E0001543 | 05/20/2016 | 05/20/2016 | Book | C-2 |
